| 000 | 00596nam a22002417a 4500 | ||
|---|---|---|---|
| 003 | OSt | ||
| 005 | 20210419122053.0 | ||
| 008 | 201124s2005 ||||| |||| 00| 0 eng d | ||
| 020 | _a0967284511 | ||
| 040 |
_aeng _beng _cDLC |
||
| 041 | _aeng | ||
| 080 |
_a616.6 _bW-66 |
||
| 100 |
_9293 _aWieder, Jeff |
||
| 245 | _aPocket Guide to Urology | ||
| 250 | _a2nd edition | ||
| 260 |
_aBerkeley _bJ. Wieder Medical _c2005 |
||
| 300 | _a288 p. | ||
| 650 | 0 |
_9121 _aUrology |
|
| 650 | 0 |
_969 _aMedicine |
|
| 653 | _aუროლოგია | ||
| 653 | _aმედიცინა | ||
| 942 |
_2udc _cBK _e2 |
||
| 999 |
_c395 _d395 |
||